مكتبة جامعة عجلون الوطنية

فهرس بحث المكتبة

الفلسفة في الفكر الاسلامي :قراءة منهجية ومعرفية (Record no. 26767)

MARC details
000 -LEADER
fixed length control field 00917nam a2200217Ii 4500
003 - CONTROL NUMBER IDENTIFIER
control field JO-AjNU
008 - FIXED-LENGTH DATA ELEMENTS--GENERAL INFORMATION
fixed length control field 230605s9999||||xx |||||||||||||| ||und||
020 ## - INTERNATIONAL STANDARD BOOK NUMBER
International Standard Book Number 987-1-56564-477-9
040 ## - CATALOGING SOURCE
Original cataloging agency JO-AjNU
Language of cataloging ara
Description conventions rda
Transcribing agency JO-AjNU
041 ## - LANGUAGE CODE
Language code of text/sound track or separate title ara
050 14 - LIBRARY OF CONGRESS CALL NUMBER
Classification number B741.F357 2012
100 3# - MAIN ENTRY--PERSONAL NAME
Personal name عكاشة،رائد جميل ، الجندي،محمد علي ، خرمه،مروة محمود,
Relator term author
9 (RLIN) 52379
245 00 - TITLE STATEMENT
Title الفلسفة في الفكر الاسلامي :قراءة منهجية ومعرفية
250 ## - EDITION STATEMENT
Edition statement ط1
264 31 - PRODUCTION, PUBLICATION, DISTRIBUTION, MANUFACTURE, AND COPYRIGHT NOTICE
Place of production, publication, distribution, manufacture فرجينيا:المعهد العالمي للفكر الاسلامي ،2012
300 ## - PHYSICAL DESCRIPTION
Extent 592ص
Other physical details الكشاف من 587-592 ص
336 ## - CONTENT TYPE
Content type term text
Content type code txt
Source rdacontent
337 ## - MEDIA TYPE
Media type term unmediated
Media type code n
Source rdamedia
338 ## - CARRIER TYPE
Carrier type term volume
Carrier type code nc
Source rdacarrier
650 #4 - SUBJECT ADDED ENTRY--TOPICAL TERM
Topical term or geographic name entry element الفلسفة الاسلامية-علم الكلام-الفكر الاسلامي-الابداع الفلسفي
9 (RLIN) 52380
Holdings
Withdrawn status Lost status Source of classification or shelving scheme Damaged status Not for loan Home library Current library Shelving location Date acquired Total Checkouts Full call number Barcode Date last seen Price effective from Koha item type
    Library of Congress Classification     مكتبة جامعة عجلون الوطنية مكتبة جامعة عجلون الوطنية المجموعات العامة 06/06/2023   B741.F357 2012 A23199 06/06/2023 06/06/2023 Books